Random Trivia - Statistics

General Stats
  • This quiz has been taken 14 times
  • The average score is 5 of 16
Answer Stats
Question Answer % Correct
A group of crows are known as what? a Murder
79%
Who was assassinated on September 10, 2025 in Utah while speaking at a campus event? Charlie Kirk
71%
Edvard Munch is well known for painting The Scream. What country was he from? Norway
64%
The country of Greece borders Turkey, Bulgaria, Albania, and what other country? North Macedonia
57%
Isaac Newton and Gottfried W. Leibniz founded what branch of mathematics? Calculus
50%
In 1927, Charles Lindbergh was the first aviator to fly solo nonstop across the Atlantic Ocean. What city did he land in at the end of his flight? Paris
50%
What city hosted the 1956 Summer Olympics? Melbourne
43%
What sea does the city of Qingdao touch? Yellow
29%
The following sentence, "I did not feel good, so I did not go to work today." is grammatically incorrect. What should you do to fix it? Replace good with well
21%
Nat wants to buy a sweater that costs $19.99. If the sales tax is 6.5% and Nat only has $12, how much money is he short by? (round to the nearest cent) $9.29
7%
What is the name of this typographical symbol: ¶ Pilcrow
7%
A farmer buys land for sixty dollars an acre. He buys 60.25 acres. How much does the farmer pay if there's a 5% tax on the total cost? $3795.75
0%
What is the name of the scientific name given to species? For example, Canis familiaris is the scientific name for the dog. Binomial nomenclature
0%
Who does Mary Lennox find crying? Colin Craven
0%
(-∞, -3], (18, 29], and [5,∞) are examples of what kind of mathematical notation? Interval
0%
What is the lowest part of a transverse wave called? Trough
0%
No matching quizzes found
Score Distribution
Percent of People with Each Score
Percentile by Number Answered
Your Score History
You have not taken this quiz